000
00297nam a2200133Ia 4500
008
191201s2009 xx 000 0 und d
100
_a
KNOOT,Geoffrey
245
0
_a
Financial Management
250
_a
Rep
260
_a
N. Delhi
_b
Palgra
_c
2009
300
_a
373
650
_a
MBA
942
_2
ddc
_c
BK
999
_c
5500
_d
5500